00621nam a22001097a 4500008004100000245003500041260004200076300002400118440001100142505034100153700001700494180824b xxu||||| |||| 00| 0 eng d aAmerican Politics Quarterly. / aNew Delhi:bSage Publications,c1988. aill, 3-99 p.:c22cm vVol.16 aCONTENT : Fairness and vote choice - In the 1984 presidential election - Candidates and issues in local elections - Fundamentalists, Evangelicals,and politics - Belief congruence of governmental and interest group elites with their constituencies - an agenda paper : political business cycles and the process of economic policy making.  aWelch, Susan